000 00647nam a2200253Ia 4500
001 Para_93
003 CHAP
008 220125s1999 xx 000 0 und d
010 _a198817
040 _cCHAP
090 _aPA FOLLETO 102
110 _aSun oil company
_9164110
245 _aThe european red mite /
_c by Sun oil company
260 _aPhiladelphia :
_b La compaƱia
300 _a48 h.
650 _aArboles frutales
_xPlagas
_96683
901 _aPA FOLLETO 102
902 _aA
905 _a000000-19- 0000000000 00
910 _a-19-
942 _cPARA
942 _cPARA
_d1
999 _c198817
_d198817